000 00248 a2200097 4500
001 41794
100 _aCompton's
245 _aCompton's Pictured Encyclopedia & Fact Index (Vol-I)
260 _aChicago
_bF E Compton & Co.
_c
090 _c25905
_d25905
942 _aNUST-CAE
_cM
_c17675
999 _c276867
_d276867